| 000 | 00337nam a22001097a 4500 | ||
|---|---|---|---|
| 005 | 20250901165503.0 | ||
| 008 | 210512b |||||||| |||| 00| 0 eng d | ||
| 050 | _aDS 740 .K46 2017 | ||
| 245 |
_aHISTORY AND GOVERNMENT FORM THREE _bSTUDENT'S BOOK _cK.L.B. |
||
| 260 |
_aNAIROBI _bK.L.B. _c2017 |
||
| 942 |
_2lcc _hDS 740 .K46 2017 |
||
| 999 |
_c4749 _d4749 |
||